Computational models of risks to infrastructure (Record no. 115606)
[ view plain ]
| 000 -LEADER | |
|---|---|
| fixed length control field | 02115nam a22004214a 4500 |
| 245 10 - TITLE STATEMENT | |
| Title | Computational models of risks to infrastructure |
| 260 ## - PUBLICATION, DISTRIBUTION, ETC. (IMPRINT) | |
| Place of publication | Amsterdam, Netherlands ; |
| -- | Washington, DC : |
| Name of publisher | IOS Press, |
| Year of publication | 2007. |
| 300 ## - PHYSICAL DESCRIPTION | |
| Number of Pages | ix, 329 p. : |
| Other physical details | ill. |
| 490 0# - SERIES STATEMENT | |
| Series statement | NATO science for peace and security series. D, Information and communication security, |
| 500 ## - GENERAL NOTE | |
| General note | "Proceedings of the NATO Advanced Research Workshop on Computational Models of Risks to Infrastructure, Primosten, Croatia, 9-13 May 2006"--T.p. verso. |
| General note | "Published in cooperation with NATO Public Diplomacy Division." |
| 650 #0 - SUBJECT ADDED ENTRY--TOPICAL TERM | |
| Topical Term | Risk assessment |
| Topical Term | Hazard mitigation |
| Topical Term | Infrastructure (Economics) |
| Topical Term | Emergency management |
| Topical Term | Terrorism |
| 700 1# - ADDED ENTRY--PERSONAL NAME | |
| Personal name | Skanata, Dejan. |
| Personal name | Byrd, Daniel M. |
| 856 40 - ELECTRONIC LOCATION AND ACCESS | |
| Uniform Resource Identifier | http://site.ebrary.com/lib/rucke/Doc?id=10196601 |
No items available.
